Aplikácia Medzinárodných štandardov finančného výkazníctva: praktické riešenia

Bibliographic Details
Main Author: Kupkovič, Ivan (Author)
Format: Article
Language:Slovak
Subjects:

MARC

LEADER 00000nab a2200000 ar4500
001 vtls008827854
003 SK-MaSNL
005 20260303071557.0
008 060630c2006 xo mr|p|||||||000 b|slo
015 |a SNBRB2006/06  |2 snkbucl 
038 |a SNKBUCL 
040 |a SNKBUCL  |b slo  |c SNKBUCL  |e AACR2 
041 0 |a slo 
044 |a xo  |c SK 
080 |a 657:006.032  |2 1997 
080 |a 006.032  |2 1997 
100 1 |a Kupkovič, Ivan  |4 aut  |9 1055985 
245 1 0 |a Aplikácia Medzinárodných štandardov finančného výkazníctva: praktické riešenia  |c Ivan Kupkovič 
650 0 7 |a finančné výkazníctvo  |2 snkbucl  |9 26955 
650 0 7 |a medzinárodné štandardy pre finančné výkazníctvo  |2 snkbucl  |9 101131 
773 0 |t Účtovníctvo. Audítorstvo. Daňovníctvo v teórii a praxi  |g Roč. XIV, č. 6 (2006), s.  |x 1335-2024 
852 |a SNK  |b KIS3GCP 
999 |c 1760613  |d 1762543